000 00432nam a2200181Ia 4500
001 15428
005 20260306170155.0
008 260306t2000||||xx |||||||||||||| ||und||
041 _aESP
082 _a540
_bC28
100 _aCartolin Rodríguez Walter
_eAUT
245 0 _aQuímica:
_bteoría y práctica
260 _c2000
300 _a822 páginas :
_c22 cm.
650 _aGEN
654 _aCCN
942 _cLIB
_dJUS
_fJUS
_2ddc
_n
999 _c15428
_d15428